| 000 | 01290nam a2200313Ia 4500 | ||
|---|---|---|---|
| 001 | ebr10254436 | ||
| 003 | CaPaEBR | ||
| 006 | m u | ||
| 007 | cr cn||||||||| | ||
| 008 | 061031s2007 enk sb 001 0 eng d | ||
| 020 | _z0199249504 | ||
| 020 | _z9780199249503 | ||
| 040 |
_aCaPaEBR _cCaPaEBR |
||
| 035 | _a(OCoLC)646767084 | ||
| 050 | 1 | 4 |
_aDA16 _b.G45 2007eb |
| 245 | 0 | 0 |
_aGender and empire _h[electronic resource] / _cPhilippa Levine, editor. |
| 260 |
_aOxford ; _aNew York : _bOxford University Press, _c2007, c2004. |
||
| 300 | _axiv, 306 p. | ||
| 490 | 1 | _aThe Oxford history of the British Empire companion series | |
| 504 | _aIncludes bibliographical references and index. | ||
| 533 |
_aElectronic reproduction. _bPalo Alto, Calif. : _cebrary, _d2009. _nAvailable via World Wide Web. _nAccess may be limited to ebrary affiliated libraries. |
||
| 650 | 0 |
_aWomen _zGreat Britain _xColonies _xHistory. |
|
| 650 | 0 |
_aSex role _zGreat Britain _xColonies _xHistory. |
|
| 655 | 7 |
_aElectronic books. _2local |
|
| 700 | 1 | _aLevine, Philippa. | |
| 710 | 2 | _aebrary, Inc. | |
| 830 | 0 | _aOxford history of the British Empire companion series. | |
| 856 | 4 | 0 |
_uhttp://site.ebrary.com/lib/rucke/Doc?id=10254436 _zAn electronic book accessible through the World Wide Web; click to view |
| 999 |
_c149361 _d149361 |
||